[Event "2nd ITT FENAMAC-B 2020"]
[Site "Toluca"]
[Date "2020.03.12"]
[Round "1.1"]
[White "Camacho Collados, Marcos"]
[Black "Fernandez Cardoso, Alexey"]
[Result "1/2-1/2"]
[WhiteElo "2409"]
[BlackElo "2424"]
[Annotator "TA"]
[PlyCount "50"]
[EventDate "2020.03.12"]
[EventType "tourn"]
[EventCountry "MEX"]
[SourceTitle "playchess.com"]
[Source "ChessBase"]
[SourceQuality "1"]

{[%evp 23,50,12,87,76,89,84,77,79,104,102,107,84,82,36,60,36,50,56,60,66,69,28,46,31,34,26,41,3,20]} 1. e4 c5 2. Nf3 Nc6 3. Nc3 Nf6 4. d4 cxd4 5. Nxd4 e5 6. Ndb5 d6 7. Bg5 a6 8. Bxf6 gxf6 9. Na3 b5 10. Nd5 Bg7 11. g3 f5 12. Bg2 O-O {[#]} (12... fxe4 $11 13. Bxe4 Be6) 13. exf5 $1 $16 {B33: Sicilian: Pelikan and Sveshnikov Variations.} e4 14. f6 ({Much weaker is} 14. Bxe4 $6 Bxb2 15. O-O Re8 $11) 14... Bxf6 15. c3 {White is better.} Bg7 16. O-O f5 {[#]} 17. Nc2 $146 ({Predecessor:} 17. f3 exf3 18. Qxf3 Rb8 19. Nc2 Kh8 20. Rae1 a5 21. Qh5 b4 22. cxb4 axb4 23. b3 {0-1 (47) Motylev,A (2649)-Hamdouchi,H (2544) Tripoli 2004}) 17... Ne5 18. Nf4 {[#] Threatens to win with Qd5+.} Ra7 19. Nb4 Kh8 20. Nbd5 Nc4 21. Qe2 Nb6 22. Qe3 Rb7 23. Rad1 Nxd5 24. Nxd5 Be6 25. a3 Bxd5 {Accuracy: White = 71%, Black = 90%.} 1/2-1/2

[Event "2nd ITT FENAMAC-B 2020"]
[Site "Toluca"]
[Date "2020.03.12"]
[Round "1.2"]
[White "Della Morte, Pablo"]
[Black "Garcia Almaguer, Juan Manuel"]
[Result "*"]
[WhiteElo "2273"]
[BlackElo "2204"]
[Annotator "TA"]
[PlyCount "45"]
[EventDate "2020.03.12"]
[EventType "tourn"]
[EventCountry "MEX"]
[SourceTitle "playchess.com"]
[Source "ChessBase"]
[SourceQuality "1"]

{[%evp 11,45,25,25,13,29,23,18,15,14,16,27,18,17,14,24,0,31,17,35,19,23,19,54,45,47,63,76,48,58,11,24,6,29,9,0,-2]} 1. e4 e5 2. Nf3 Nc6 3. Bc4 Nf6 4. d3 Bc5 5. O-O a6 6. c3 Ba7 7. Nbd2 {[%cal Bb1d2,Bd2f1,Bf1g3][%mdl 32] 7.a4 is the modern continuation. C54: Giuoco Piano: 4 c3 Nf6, main lines with 5 d4 and 5 d3.} d6 8. a4 {[%cal Ba2a4,Ba4a5][%mdl 32]} O-O 9. h3 h6 10. Re1 Re8 11. Nf1 Be6 12. Bxe6 Rxe6 13. a5 {[#]} Ne7 $146 ({Predecessor:} 13... d5 14. Qb3 Rb8 15. Ng3 Qd7 16. Be3 Bxe3 17. Rxe3 dxe4 18. Nxe4 Nxe4 19. dxe4 Rd6 {1-0 (46) Malakhov,V (2693)-Georgiev,K (2613) Sibenik 2016}) 14. Ng3 Ng6 15. Qb3 Rb8 16. d4 b5 17. axb6 Bxb6 18. Qc2 Qc8 19. Be3 Qb7 20. d5 Ree8 21. Bxb6 Qxb6 22. b4 c6 $1 23. Qd2 {Accuracy: White = 88%, Black = 81%.} *

[Event "2nd ITT FENAMAC-B 2020"]
[Site "Toluca"]
[Date "2020.03.12"]
[Round "1.3"]
[White "Tello Chavez, Isaac Valent"]
[Black "Medina Diaz, Rafael Alejandro"]
[Result "*"]
[WhiteElo "2270"]
[BlackElo "2308"]
[Annotator "TA"]
[PlyCount "38"]
[EventDate "2020.03.12"]
[EventType "tourn"]
[EventCountry "MEX"]
[SourceTitle "playchess.com"]
[Source "ChessBase"]
[SourceQuality "1"]

{[%evp 11,38,-4,6,6,33,6,6,6,10,0,13,-9,16,-18,5,0,0,0,0,0,38,31,44,35,21,14,23,2,9]} 1. d4 d5 2. Bf4 Nf6 3. e3 g6 4. Nf3 Bg7 5. Be2 O-O 6. Nbd2 c5 7. c3 {D02: 1 d4 d5 2 Nf3 sidelines, including 2...Nf6 3 g3 and 2...Nf6 3 Bf4.} Nc6 8. O-O b6 9. Ne5 Bb7 10. Bg3 Nxe5 11. Bxe5 {[#]} Rc8 $146 ({Predecessor:} 11... Nd7 12. Bxg7 Kxg7 13. Rc1 e5 14. dxe5 Nxe5 15. Nf3 Qf6 16. Nxe5 Qxe5 17. Bf3 Rfd8 {1-0 (37) Karlik,V (2320)-Klicnar,M (2230) Nachod 2000}) 12. h3 a6 13. a4 Nd7 14. Bxg7 Kxg7 15. f4 f6 16. f5 gxf5 17. Rxf5 e6 18. Rf4 f5 19. Qf1 a5 {Accuracy: White = 80%, Black = 76%.} *

[Event "2nd ITT FENAMAC-B 2020"]
[Site "Toluca"]
[Date "2020.03.12"]
[Round "1.4"]
[White "Garcia Guerrero, Isaac Antonio"]
[Black "Guerrero Rodriguez, Alejandra"]
[Result "*"]
[WhiteElo "2271"]
[BlackElo "2088"]
[Annotator "TA"]
[PlyCount "36"]
[EventDate "2020.03.12"]
[EventType "tourn"]
[EventCountry "MEX"]
[SourceTitle "playchess.com"]
[Source "ChessBase"]
[SourceQuality "1"]

{[%evp 15,36,5,0,-24,-17,-14,-10,-27,54,59,57,55,72,72,105,105,109,109,182,167,202,215,404]} 1. d4 e6 2. Nf3 Nf6 3. Bg5 d5 4. Nbd2 h6 5. Bh4 c5 6. e3 Nc6 7. c3 Be7 8. Bd3 O-O {8...b6 is the hot move.} 9. Ne5 {D03: 1 d4 d5 2 Nf3 Nf6 3 Bg5, including Torre Attack with early ...d5.} Nxe5 10. dxe5 Nd7 11. Bg3 {The position is equal.} f6 (11... Qc7 $11) 12. exf6 $14 Bxf6 13. O-O {[#]} Ne5 $146 ({Predecessor:} 13... e5 14. Qh5 Rf7 15. Bh7+ Kxh7 16. Qxf7 Nf8 17. f4 e4 18. f5 Bd7 19. Rad1 Qb6 20. Qxd5 {1-0 (36) Liew,C (2355)-Schmidt,L (2260) Kuala Lumpur 1990}) 14. Bc2 Bd7 15. f4 Nc6 16. e4 Qb6 {[#]} (16... c4 $16) 17. e5 $1 $18 {[%cal Re5f6]} Be7 18. Nc4 $1 {[%cal Rc4b6]} Qc7 $2 {Black did not feel at home in the position after the opening. Accuracy: White = 100%, Black = 37%.} (18... Qd8 {was necessary.}) *

[Event "2nd ITT FENAMAC-B 2020"]
[Site "Toluca"]
[Date "2020.03.12"]
[Round "1.5"]
[White "Dominguez Aguilar, Guillermo"]
[Black "Cofre Archibold, Nestor"]
[Result "*"]
[WhiteElo "2321"]
[BlackElo "2304"]
[Annotator "TA"]
[PlyCount "31"]
[EventDate "2020.03.12"]
[EventType "tourn"]
[EventCountry "MEX"]
[SourceTitle "playchess.com"]
[Source "ChessBase"]
[SourceQuality "1"]

{[%evp 9,31,0,0,-10,0,0,0,0,0,0,11,-25,-29,-16,0,-8,30,27,78,29,37,-25,0,-5]} 1. e4 c5 2. Nc3 e6 3. f4 d5 4. Bb5+ Nc6 5. Bxc6+ (5. Nf3 Nf6 6. e5 Nd7 7. Bxc6 bxc6 8. d3 Be7 9. O-O O-O 10. Ne2 Ba6 11. Kh1 Qc7 12. Re1 Rab8 13. Ng3 g6 14. b3 c4 15. dxc4 dxc4 16. Bd2 Rfd8 17. Qc1 c5 18. Bc3 Nb6 19. Ne4 Nd5 20. Bb2 Rb6 21. Nfg5 {0-1 (21) Dominguez Aguilar,G (2346)-Cofre Archibold,N (2304) Mexico City 2017}) 5... bxc6 6. d3 {B23: Closed Sicilian: Lines without g3.} Nf6 7. Nf3 Ba6 8. e5 Nd7 9. O-O Be7 10. Ne2 c4 11. d4 {[#]} h5 $146 ({Predecessor:} 11... O-O 12. c3 Rb8 13. Ng3 c5 14. Rf2 Rb7 15. Be3 Qc7 16. Qc2 cxd4 17. Bxd4 Nc5 18. Bxc5 Bxc5 {1-0 (29) Archer Lock,C (2011)-Freeland,A (1800) Aberystwyth 2014}) 12. c3 Nf8 13. Rf2 Bc8 (13... Rb8 $11) 14. Kh1 a5 15. Ne1 (15. b3 $14) 15... Rb8 16. Nc2 {Accuracy: White = 69%, Black = 70%.} *

[Event "2nd ITT FENAMAC-B 2020"]
[Site "Toluca"]
[Date "2020.03.13"]
[Round "2.1"]
[White "Fernandez Cardoso, Alexey"]
[Black "Cofre Archibold, Nestor"]
[Result "1-0"]
[WhiteElo "2424"]
[BlackElo "2304"]
[Annotator "TA"]
[PlyCount "39"]
[EventDate "2020.03.12"]
[EventType "tourn"]
[EventCountry "MEX"]
[SourceTitle "playchess.com"]
[Source "ChessBase"]
[SourceQuality "1"]

{[%evp 10,39,63,60,81,75,70,79,91,66,49,55,114,106,118,112,108,120,186,156,238,248,218,218,291,308,306,272,425,411,678,681]} 1. e4 d5 2. exd5 Qxd5 3. Nc3 Qd6 4. d4 Nf6 5. Nf3 a6 6. g3 b5 {B01: Scandinavian Defence.} 7. Bg2 Bb7 8. O-O e6 {White is better.} 9. Bf4 Qb6 10. a4 {[%cal Ba2a4,Ba4a5][%mdl 32]} b4 ({Black should play} 10... Bd6 $14) 11. a5 $16 Qa7 12. Bxc7 {Strongly threatening Bb6.} Nbd7 {[#]} ({Not} 12... bxc3 $2 13. Bb6 $18) 13. Na4 $1 $36 {[%mdl 2048] White is on the roll.} Nd5 {[#]} (13... Rc8 $16 {was worth a try.}) 14. Be5 $146 ({Predecessor:} 14. Bb6 N7xb6 15. axb6 Nxb6 16. Nxb6 Qxb6 17. c4 Be7 18. Ne5 Qc7 19. Qa4+ Kf8 20. Qd7 Qxd7 21. Nxd7+ {1-0 (37) Korneev,O (2543)-Galego,L (2498) Vila Nova de Gaia 2010}) 14... f6 (14... Rd8 $16 {was called for.} 15. c4 bxc3) 15. Bf4 $18 Nxf4 16. gxf4 {Hoping for Qe2.} Kf7 17. Re1 g6 18. c4 Bd6 (18... bxc3 $142 19. Nxc3 Rb8) 19. d5 ({Less strong is} 19. Qe2 Rhe8 $18) 19... exd5 {[#]} (19... e5 $142 20. Bh3 Bc8 21. Bxd7 Qxd7 22. Nxe5+ fxe5 23. fxe5 Bxe5) 20. Ng5+ $1 {[%mdl 512] Accuracy: White = 93%, Black = 41%.} 1-0

[Event "2nd ITT FENAMAC-B 2020"]
[Site "Toluca"]
[Date "2020.03.13"]
[Round "2.2"]
[White "Guerrero Rodriguez, Alejandra"]
[Black "Dominguez Aguilar, Guillermo"]
[Result "0-1"]
[WhiteElo "2088"]
[BlackElo "2321"]
[Annotator "TA"]
[PlyCount "66"]
[EventDate "2020.03.12"]
[EventType "tourn"]
[EventCountry "MEX"]
[SourceTitle "playchess.com"]
[Source "ChessBase"]
[SourceQuality "1"]

{[%evp 10,66,27,-8,-8,-25,0,-8,0,0,38,4,3,8,14,0,28,35,29,23,98,110,66,-45,-28,-37,-31,-131,-136,-135,-100,-111,-89,-92,-87,-93,-90,-87,-79,-129,-125,-131,-125,-194,-195,-195,-188,-190,-195,-29962,-29957,-29957,-29966,-29966,-29967,-29964,-29964,-6187,-5325]} 1. e4 c5 2. Nf3 Nc6 3. c3 e6 4. d4 d5 5. exd5 exd5 6. Be2 Nf6 {B22: Sicilian: 2 c3.} 7. h3 {[#]} Ne4 $146 ({Predecessor:} 7... Bf5 8. O-O Be7 9. Be3 c4 10. Nbd2 O-O 11. b3 cxb3 12. Nxb3 Ne4 13. Qc1 Rc8 {0-1 (58) Khamdamova,A-Vlasova,O (1397) Batumi 2016}) 8. Be3 cxd4 {The position is equal.} 9. Nxd4 Bd6 10. O-O O-O 11. Nd2 Nxd4 12. Bxd4 Bxh3 {And now ...Qg5! would win.} 13. Nxe4 dxe4 14. Bg4 (14. gxh3 Qg5+ 15. Bg4 h5 $15) 14... Bxg2 (14... Bxg4 $1 $11 {keeps the balance.} 15. Qxg4 {[%mdl 64] Double Attack} g6) 15. Kxg2 $16 f5 16. Qb3+ (16. Bh5 $1 $14) 16... Rf7 $1 $15 {White must now prevent ...Qg5.} 17. Qe6 ({Don't go for} 17. Rh1 $2 Qg5 $17) 17... fxg4 18. Rh1 ({Better is} 18. Rae1 $15) 18... Qe7 $17 19. Qxg4 Bf4 20. Rh5 b6 21. Rah1 {[#]} h6 $1 22. Rxh6 Bxh6 23. Rxh6 Qd7 24. Qxe4 Re8 25. Qh7+ Kf8 26. Rg6 (26. Rh3 $17 {was worth a try.}) 26... Qd5+ $19 27. Kf1 {[%cal Rg6g7] [#]} Qc4+ $1 ({Don't play} 27... Qxa2 28. Rxg7 Qe6 29. Be5 $17) 28. Kg2 {[%cal Rg6g7]} Re1 $40 {[%mdl 128] ( -> ...Qd5+). Black attacks with force.} 29. Bxg7+ $2 (29. Kh2 $19) 29... Ke8 30. Qh8+ Kd7 31. Qh3+ Kc7 32. Qg3+ Kb7 33. Kh2 Qe4 {Accuracy: White = 62%, Black = 79%.} 0-1

[Event "2nd ITT FENAMAC-B 2020"]
[Site "Toluca"]
[Date "2020.03.13"]
[Round "2.3"]
[White "Medina Diaz, Rafael Alejandro"]
[Black "Garcia Guerrero, Isaac Antonio"]
[Result "1/2-1/2"]
[WhiteElo "2308"]
[BlackElo "2271"]
[Annotator "TA"]
[PlyCount "52"]
[EventDate "2020.03.12"]
[EventType "tourn"]
[EventCountry "MEX"]
[SourceTitle "playchess.com"]
[Source "ChessBase"]
[SourceQuality "1"]

{[%evp 10,52,60,12,17,2,0,-33,27,0,0,0,-4,-60,-51,-27,0,0,-7,-10,14,23,33,22,12,18,59,68,53,55,91,86,97,66,64,68,81,58,49,9,25,0,0,0,0]} 1. e4 c5 2. c3 d5 3. exd5 Qxd5 4. d4 g6 5. Nf3 Bg7 6. Be3 cxd4 {B06: Modern Defence.} 7. Na3 Nf6 8. Nb5 {[#] Hoping for Nc7+.} Na6 (8... O-O $15 9. Qxd4 Nc6) 9. Qxd4 O-O 10. Nxa7 Bg4 11. Ne5 (11. Be2 $11) 11... Be6 12. Nb5 Rfd8 13. Qxd5 Nxd5 14. Bd4 {[#]} f6 $146 ({Predecessor:} 14... Nf4 15. Nc4 Nxg2+ 16. Bxg2 Bxc4 17. Bxg7 Bxb5 18. Bd4 Nb4 19. O-O-O Nd3+ 20. Kb1 e5 {0-1 (57) Kun,G (2284)-Nagy,B (2358) Hungary 2019}) 15. Nc4 Bf7 16. Nb6 $36 {[%mdl 2048] Black is under pressure.} e5 17. Be3 $1 Nxe3 18. fxe3 Rab8 19. Bc4 Nc5 20. Ke2 Bxc4+ 21. Nxc4 Ra8 22. Rhd1 Rxd1 23. Rxd1 Rxa2 24. Kd2 Ra4 $1 25. b4 Ra2+ $1 26. Ke1 Ne4 {Accuracy: White = 68%, Black = 78%.} 1/2-1/2

[Event "2nd ITT FENAMAC-B 2020"]
[Site "Toluca"]
[Date "2020.03.13"]
[Round "2.4"]
[White "Garcia Almaguer, Juan Manuel"]
[Black "Tello Chavez, Isaac Valent"]
[Result "0-1"]
[WhiteElo "2204"]
[BlackElo "2270"]
[Annotator "TA"]
[PlyCount "83"]
[EventDate "2020.03.12"]
[EventType "tourn"]
[EventCountry "MEX"]
[SourceTitle "playchess.com"]
[Source "ChessBase"]
[SourceQuality "1"]

{[%evp 9,83,4,18,7,8,3,6,2,0,0,33,-17,-8,-35,-39,-47,-40,-35,-24,-54,-12,-22,-21,-68,-55,-80,-54,-82,-33,-128,-116,-145,-151,-147,-139,-160,-156,-206,-203,-229,-231,-234,-229,-333,-359,-347,-271,-396,-396,-395,-394,-422,-364,-556,-543,-522,-504,-569,-569,-625,-499,-817,-799,-1185,-1180,-1579,-1572,-1417,-1406,-2406,-2222,-29971,-9981,-29989,-29990,-29997]} 1. d4 d5 2. Nc3 Bf5 3. Bf4 c6 4. f3 e6 5. e3 Be7 6. Bd3 {D00: 1 d4 d5: Unusual lines.} Bg6 7. Nge2 Nd7 8. Qd2 {[#] The position is equal.} Ngf6 $146 ({Predecessor:} 8... b5 9. Bg3 Ngf6 10. Nf4 b4 11. Na4 O-O 12. O-O c5 13. dxc5 Nxc5 14. Nxc5 Bxc5 15. Bxg6 hxg6 {½-½ (61) Nunez Hirales,J (2016)-Tello Chavez,I (2274) Chihuahua City 2019}) 9. g4 c5 10. Nb5 {[#] Threatens to win with Nc7+.} O-O 11. Bc7 Qc8 {aiming for ...a6.} 12. Bg3 a6 13. Nbc3 b5 14. Nf4 cxd4 15. exd4 Bxd3 16. Qxd3 Bb4 17. g5 Ne8 18. O-O Bxc3 19. bxc3 {Black keeps a firm grip on the game.} (19. Qxc3 $15 Qxc3 20. bxc3) 19... Qc6 20. Rae1 Rc8 21. Ne2 Nb6 22. Bf4 Na4 23. Bd2 Nd6 24. f4 Ne4 25. Ng3 Naxc3 26. a4 (26. Bxc3 $142 Nxg3 27. hxg3 Qxc3 28. Re3 Qxc2 29. Qxc2 Rxc2 30. Ra3) 26... bxa4 $19 27. Bxc3 Nxg3 ({Less strong is} 27... Qxc3 28. Nxe4 dxe4 29. Rxe4 $19) 28. Rf3 (28. hxg3 {was called for.} Qxc3 29. Ra1) 28... Ne4 29. Bb4 Rfe8 30. c3 Qb5 31. Rxe4 (31. Qxb5 {might work better.} axb5 32. Kg2) 31... dxe4 32. Qxe4 Qd5 33. Qd3 a5 34. Ba3 Qc4 35. Qe4 (35. Bc5 $142 Qxd3 36. Rxd3) 35... Rb8 36. Rh3 g6 37. Qe1 Qa2 38. Bc1 Rb1 {...Qc2 is the strong threat.} 39. Rd3 Qc2 {[%mdl 64] Double Attack} 40. Rd1 Reb8 41. d5 {[#]} R8b2 $1 {[%csl Gb2][%cal Rc2g2][%mdl 64] Pin} 42. Qe2 {Accuracy: White = 33%, Black = 87%.} (42. Bxb2 Rxd1) 0-1

[Event "2nd ITT FENAMAC-B 2020"]
[Site "Toluca"]
[Date "2020.03.14"]
[Round "5.1"]
[White "Tello Chavez, Isaac Valent"]
[Black "Fernandez Cardoso, Alexey"]
[Result "1/2-1/2"]
[WhiteElo "2270"]
[BlackElo "2424"]
[Annotator "TA"]
[PlyCount "179"]
[EventDate "2020.03.12"]
[EventType "tourn"]
[EventCountry "MEX"]
[SourceTitle "playchess.com"]
[Source "ChessBase"]
[SourceQuality "1"]

{[%evp 14,179,6,-1,23,11,7,10,16,-31,0,-3,0,0,0,0,0,0,11,-9,-16,-16,-8,-15,-20,-16,-18,-16,-29,-33,-12,-10,7,0,20,0,0,-25,-12,-22,-18,-37,-30,-75,-26,-45,-34,-74,8,-75,-68,-69,-79,-79,-55,-77,-63,-78,-45,-50,11,-77,-50,-61,-29,-37,0,-30,-25,-27,-11,-39,-23,-39,-39,-39,-43,-48,0,-41,-20,-42,-35,-23,8,-6,8,8,10,8,15,17,49,0,0,0,31,0,47,37,34,7,60,-49,-48,-52,-60,-52,-20,-32,-15,-66,0,-167,-52,-52,-52,-52,-52,-50,-8,-8,-8,-8,-8,-8,-8,-8,-8,-8,-8,-54,-8,-9,-8,-8,-8,-9,-8,-8,-8,-8,-8,-8,-8,-8,-8,-33,-8,-8,-8,-8,-8,-8,-8,-8,-8,-8,-8,-8,-9,-9,-8,-8,0,0,0,0]} 1. c4 g6 2. g3 Bg7 3. Bg2 d6 4. Nc3 e5 5. d3 f5 6. Nf3 Nf6 7. O-O O-O 8. c5 h6 {A21: English Opening: 1...e5 2 Nc3.} 9. cxd6 cxd6 10. e4 Nc6 {[#]} 11. h3 $146 ({Predecessor:} 11. exf5 gxf5 12. d4 Kh7 13. dxe5 dxe5 14. Be3 Qxd1 {½-½ (14) Barczay,L (2350)-Somlai,L (2375) Zalakaros 1992}) 11... Kh7 (11... f4 $5) 12. a3 a6 13. Re1 g5 14. exf5 Bxf5 15. g4 Bg6 16. Be3 Kh8 17. Rc1 Rc8 18. b4 Bh7 19. d4 e4 20. Nd2 {[%cal Rd2e4]} d5 21. Nb3 Qe7 22. Nc5 Qf7 23. Rf1 Rce8 24. Ne2 Na7 25. Ng3 Nb5 26. a4 Nd6 27. Qe2 Bg6 28. b5 a5 29. Nb3 Nc4 30. Nd2 {[%cal Rd2c4]} Nb6 (30... Nxe3 $17 31. fxe3 Rc8) 31. Nb3 (31. f4 $1 $11) 31... Nxa4 $17 32. Nxa5 Nb6 33. Ra1 Qd7 34. Nb3 Nc4 35. Nc5 Qc8 ({Reject} 35... Qxb5 36. Rfb1 $11) 36. Rfc1 b6 (36... Re7 $15) 37. Nb3 (37. Na6 $1 $11 {keeps the balance.}) 37... Qd7 38. Nd2 Na5 ({Much worse is} 38... Qxb5 $6 39. Nxc4 dxc4 40. Qxc4 $14) 39. Bf1 Ng8 40. Ra2 Ne7 41. Rac2 Rc8 42. Qd1 Rxc2 43. Rxc2 Nc8 44. Qc1 Nd6 45. Rc7 Qe8 46. Ra7 (46. Rxg7 $5 Kxg7 47. Qc7+ {[%mdl 64] Double Attack} Nf7 48. Qxb6 $11) 46... Qb8 47. Qc7 Qxc7 48. Rxc7 Be8 49. Nh5 Bxh5 50. gxh5 Rd8 51. Be2 Bf6 52. Kg2 Kg8 53. h4 gxh4 54. Bxh6 Nf5 55. Be3 Bxd4 56. Bg5 Rf8 57. Bg4 Kh8 (57... Bxf2 $11 58. Kxf2 Nh6+ 59. Bf3 Nf5) 58. Bxf5 (58. Rd7 $1 $14 Rg8 59. f4 Ne3+ {[%mdl 64] Double Attack} 60. Kh3) 58... Rxf5 $15 {[%mdl 64] [#] Double Attack} 59. Bxh4 Rxh5 60. Bg3 Kg8 61. Rd7 Bc3 62. Nb1 ({White should try} 62. Nf1 $11) 62... Bd4 (62... Bb2 $15 63. Bf4 Kf8) 63. Na3 $2 {[#]} (63. Nd2 $11 {and White is okay.}) 63... Bc5 ({Better is} 63... Kf8 $1 $19 64. Bd6+ Ke8 65. Re7+ Kd8) 64. Bd6 {Threatens to win with Bxc5.} Rg5+ 65. Kf1 {Bxc5 is the strong threat.} Bxa3 66. Bxa3 {[%mdl 4096] Endgame KRB-KRN} Nc4 67. Bc1 Rf5 {Strongly threatening ...e3.} 68. Ke2 Kf8 69. Be3 Ke8 70. Rb7 Rf6 71. Bd4 Rg6 72. Ra7 Kd8 73. Ra8+ Kc7 {With the idea ...Nd6.} 74. Ra7+ Kc8 {Black wants to play ...Nd6.} 75. Ra8+ Kb7 76. Rh8 Kc7 77. Rh7+ Kc8 78. Rh8+ Kd7 79. Rh7+ Ke6 80. Rb7 Kf5 81. Rd7 {The position is equal.} Nd6 82. Bxb6 Ke6 83. Rc7 Nxb5 84. Rc6+ Nd6 85. Bc5 Kd7 86. Ra6 Re6 87. f3 exf3+ 88. Kxf3 Rh6 89. Rxd6+ Rxd6 90. Bxd6 {Accuracy: White = 73%, Black = 73%.} 1/2-1/2

[Event "2nd ITT FENAMAC-B 2020"]
[Site "Toluca"]
[Date "2020.03.14"]
[Round "5.3"]
[White "Dominguez Aguilar, Guillermo"]
[Black "Camacho Collados, Marcos"]
[Result "1/2-1/2"]
[WhiteElo "2321"]
[BlackElo "2409"]
[Annotator "TA"]
[PlyCount "33"]
[EventDate "2020.03.12"]
[EventType "tourn"]
[EventCountry "MEX"]
[SourceTitle "playchess.com"]
[Source "ChessBase"]
[SourceQuality "1"]

{[%evp 15,16,3,27]} 1. d4 d5 2. Nf3 Nf6 3. g3 e6 4. Bg2 Bd6 5. c4 c6 6. O-O O-O 7. Nc3 Nbd7 8. Qc2 Re8 {[#]} {Predecessor:} 9. Rd1 $146 {E01: Catalan: Early deviations.} Qe7 10. b3 Rb8 11. e4 Nxe4 12. Nxe4 dxe4 13. Qxe4 e5 14. Bb2 Nf6 15. Qh4 e4 16. Re1 Bf5 17. Qg5 {1-0 (43) Mareco,S (2603)-Ricardi,P (2517) Buenos Aires 2010} 1/2-1/2

[Event "2nd ITT FENAMAC-B 2020"]
[Site "Toluca"]
[Date "2020.03.14"]
[Round "5.4"]
[White "Cofre Archibold, Nestor"]
[Black "Garcia Almaguer, Juan Manuel"]
[Result "0-1"]
[WhiteElo "2304"]
[BlackElo "2204"]
[Annotator "TA"]
[PlyCount "100"]
[EventDate "2020.03.12"]
[EventType "tourn"]
[EventCountry "MEX"]
[SourceTitle "playchess.com"]
[Source "ChessBase"]
[SourceQuality "1"]

{[%evp 15,100,8,39,0,11,-3,0,-11,8,6,0,0,20,21,34,-70,66,46,69,68,59,39,45,38,41,17,20,15,42,42,41,37,59,53,66,61,64,60,65,61,64,11,141,136,152,112,143,143,165,141,152,137,141,119,130,132,168,0,0,0,0,0,0,0,14,26,55,0,0,0,0,0,0,-150,0,-456,-429,-407,-383,-12835,-12832,-29987,-29988,-29991,-29992,-29992,-29993]} 1. b3 Nf6 2. Bb2 g6 3. c4 Bg7 4. g3 c5 5. Bg2 Nc6 6. Nf3 O-O 7. O-O d6 8. Nc3 Bf5 9. Nd5 {A38: Symmetrical English vs ...g6: 4 Bg2 Bg7 5 Nf3 Nf6.} e5 10. Ne1 Nxd5 11. cxd5 {The position is equal.} Ne7 {[#]} 12. Nc2 $146 ({Predecessor:} 12. e4 Bd7 13. d3 a5 14. Nc2 Qb6 15. Qd2 f5 16. Bh3 Bc8 17. Bc3 f4 18. Bxc8 Nxc8 19. f3 Qd8 20. Qg2 Qd7 21. a4 b6 {½-½ (21) Grillitsch,K (2285)-Wittmann,W (2380) Austria 1992}) 12... Qd7 13. e4 Bg4 14. f3 Bh3 15. f4 (15. Bxh3 $14 Qxh3 16. Qe2) 15... f6 (15... Bxg2 $15 16. Kxg2 exf4 17. Bxg7 Kxg7) 16. Ne3 Rae8 17. Bxh3 Qxh3 18. Nc4 Nc8 19. fxe5 fxe5 20. Rxf8+ Rxf8 21. Qe2 Bh6 22. a4 {[%cal Ba2a4,Ba4a5][%mdl 32]} Bg5 23. Bc3 h5 24. b4 b6 25. bxc5 bxc5 26. a5 h4 27. Qg2 Qg4 $1 {Threatens to win with ...h3.} 28. Re1 (28. h3 $14 Qh5 29. g4) 28... h3 (28... hxg3 $11 29. hxg3 a6) 29. Qe2 $36 {[%mdl 2048] White is really pushing.} Qd7 30. Rf1 Rxf1+ 31. Kxf1 Qb5 32. Nb2 a6 33. Kf2 Kg7 34. Nc4 Bf6 35. Qf1 Qa4 36. Nb6 $2 ({Better is} 36. Qxh3 $18 Qxc4 37. Qxc8) 36... Qxe4 $11 37. Qxh3 Ne7 38. Qg2 Qf5+ 39. Qf3 e4 (39... Qh3 {is more complex.} 40. Kg1 Qf5 41. Kg2 Qb1 42. g4 g5) 40. Qxf5 gxf5 {[%mdl 4096] Endgame KBN-KBN} 41. h4 (41. Bxf6+ $14 Kxf6 42. Nd7+ Kf7 43. Nb8) 41... Bd4+ 42. Ke2 Kg6 43. Kf1 Kh5 44. Kg2 {[#]} ({White should play} 44. Bxd4 $11 cxd4 45. Nc4) 44... Kg4 (44... f4 $1 $17 {[%mdl 512] aiming for ...e3.} 45. Bxd4 (45. gxf4 Kg4) 45... cxd4 46. gxf4 Kxh4) 45. Nd7 $2 {[%mdl 8192]} (45. Bxd4 $11 cxd4 46. Nc4) 45... Bxc3 46. dxc3 {[%cal Rd7f6]} Nxd5 {Strongly threatening ...f4.} 47. Kf2 $2 (47. c4 Ne3+ {[%mdl 64] Double Attack} 48. Kf2) 47... e3+ $19 48. Kg2 f4 {Black mates.} 49. gxf4 Nxf4+ 50. Kf1 Kf3 {Black used his chance. Accuracy: White = 68%, Black = 75%.} 0-1

[Event "2nd ITT FENAMAC-B 2020"]
[Site "Toluca"]
[Date "2020.03.14"]
[Round "5.5"]
[White "Guerrero Rodriguez, Alejandra"]
[Black "Medina Diaz, Rafael Alejandro"]
[Result "*"]
[WhiteElo "2088"]
[BlackElo "2308"]
[Annotator "TA"]
[PlyCount "26"]
[EventDate "2020.03.12"]
[EventType "tourn"]
[EventCountry "MEX"]
[SourceTitle "playchess.com"]
[Source "ChessBase"]
[SourceQuality "1"]

{[%evp 14,26,19,0,0,56,64,0,845,0,261,0,832,-300,427]} 1. e4 e6 2. d4 d5 3. Nd2 Nc6 4. c3 e5 5. exd5 Qxd5 6. Ngf3 exd4 7. Bc4 Qf5 8. O-O Be6 {C04: French Tarrasch: 3...Nc6.} 9. Bxe6 (9. Nxd4 $11 Nxd4 10. cxd4) 9... fxe6 $14 10. Nxd4 {[#]} (10. Nb3 $1 $14) 10... O-O-O $146 {[%mdl 8192] [#]} (10... Nxd4 $11 11. cxd4 O-O-O) ({Predecessor:} 10... Nxd4 11. cxd4 O-O-O 12. Nf3 Bd6 13. Bg5 Nf6 14. Rc1 Kb8 15. Qc2 Rhf8 16. Qxf5 exf5 {0-1 (49) Bayramov,E (2176)-Stupak,K (2586) Baku 2017}) 11. Nc4 $2 ({White must play} 11. Nxf5 $18 exf5 12. Qb3) 11... Nf6 $2 {[%mdl 8192]} (11... Nxd4 $11 {and Black stays safe.} 12. cxd4 Ne7) 12. Qa4 $2 (12. Nxf5 $18 Rxd1 13. Rxd1 exf5 14. Bf4) 12... Kb8 $2 {[%mdl 8192]} (12... Nxd4 $11 13. cxd4 Kb8) 13. Ne5 $4 {[%mdl 8192]} (13. Nxf5 $18 {was the only winning move.} exf5 14. Be3) 13... Nxe5 $4 {[%mdl 8192]} (13... Qxe5 $19 {and life is good for Black.} 14. Nxc6+ bxc6 15. Qxc6 Ng4) *